000 00720nam a2200289Ia 4500
005 20260324123228.0
008 008 260324s9999 xx 000 0 eng d
020 _a9781315655406
037 _aEBOOK
040 _aCRL
040 _beng
040 _cCRL
041 _2eng
041 _aeng
084 _qCRL
100 _aDouglas Hamilton; Kate Hodgson; Joel Quirk
_91169519
245 0 _aSlavery, Memory and Identity
245 0 _bNational Representations and Global Legacies
260 _bTaylor and Francis
260 _c2012
365 _a
365 _b240
856 _uhttp://www.taylorfrancis.com/books/9781315655406
942 _cEBOOK
999 _c1762846
_d1762846